| 000 | 00822nam a2200157 a 4500 | ||
|---|---|---|---|
| 008 | 140917s2012 ||||||||||||||||| || u | ||
| 050 | _aACU(05)RG2/2012/5 | ||
| 110 | _aThe Association of Commonwealth Universities (ACU) | ||
| 245 | 1 | 4 |
_aThe Association of Commonwealth Universities RG2 _cby Association of Commonwealth Universities [ACU] |
| 260 |
_aLondon: _bAssociation of Commonwealth Universities (ACU) _c2012 |
||
| 300 | _avarious pagings: ill. | ||
| 362 | 1 | _aIssue. 5; Succession planning | |
| 650 | _aACU--PERIODICALS | ||
| 995 |
_aSPECIAL COLLECTIONS _e1626 _FCBU-MAIN LIBRARY (Kitwe) _jACU(05)RG2/2012/5A _M1 _UAVAILABLE _WSep 17, 2014 _yB1626 _ZInternational Publications |
||
| 995 |
_aSPECIAL COLLECTIONS _e1630 _FCBU-MAIN LIBRARY (Kitwe) _jACU(05)RG2/2012/5B _M2 _UAVAILABLE _WSep 17, 2014 _yB1630 _ZInternational Publications |
||
| 999 |
_c84444 _d84444 |
||